Daň z príjmov - aktuálne problémy

V zdaňovacom období roka 2020, ktorý je ovplyvnený mimoriadnou situáciou, daňovníkom vznikajú mimoriadne výdavky a sú im poskytnuté aj mimoriadne príspevky. Tieto, ale aj niektoré významné zmeny v zákone č.595/2003 Z.z. o dani z príjmov v znp. je potrebné riešiť z hľadiska základu dane z príjmov.

Salvato in:
Dettagli Bibliografici
Autore principale: Vanková, Lucia
Natura: Capitolo di libro
Lingua:slovacco
Soggetti:
Tags: Aggiungi Tag
Nessun Tag, puoi essere il primo ad aggiungerne!!

MARC

LEADER 00000naa a2200000 4500
001 0267521
005 20200811095928.5
041 0 |a slo 
044 |a SK 
245 1 0 |a Daň z príjmov - aktuálne problémy  |c Lucia Vanková 
520 |a V zdaňovacom období roka 2020, ktorý je ovplyvnený mimoriadnou situáciou, daňovníkom vznikajú mimoriadne výdavky a sú im poskytnuté aj mimoriadne príspevky. Tieto, ale aj niektoré významné zmeny v zákone č.595/2003 Z.z. o dani z príjmov v znp. je potrebné riešiť z hľadiska základu dane z príjmov. 
610 2 0 |a dane z príjmov 
610 2 0 |a základ dane 
610 2 0 |a daňovníci 
610 2 0 |a výdavky 
610 2 0 |a príspevky štátne 
610 2 0 |a zákony 
100 1 |a Vanková, Lucia